The evolved mind and modern education : (Record no. 2399)

MARC details
000 -LEADER
fixed length control field 00769nam a22002417a 4500
003 - CONTROL NUMBER IDENTIFIER
control field BD-DhJNU
005 - DATE AND TIME OF LATEST TRANSACTION
control field 20251202035907.0
008 - FIXED-LENGTH DATA ELEMENTS--GENERAL INFORMATION
fixed length control field 251202b |||||||| |||| 00| 0 eng d
020 ## - INTERNATIONAL STANDARD BOOK NUMBER
International Standard Book Number 9781009454841
020 ## - INTERNATIONAL STANDARD BOOK NUMBER
International Standard Book Number 978100945481
020 ## - INTERNATIONAL STANDARD BOOK NUMBER
International Standard Book Number 27529428
020 ## - INTERNATIONAL STANDARD BOOK NUMBER
International Standard Book Number 2752941X
040 ## - CATALOGING SOURCE
Original cataloging agency BD-DhJNU
Language of cataloging ENG
Transcribing agency BD-DhJNU
Modifying agency BD-DhJNU
082 ## - DEWEY DECIMAL CLASSIFICATION NUMBER
Edition number 23
Classification number 370.15 GEE
100 ## - MAIN ENTRY--PERSONAL NAME
Personal name Geary, David C.
245 ## - TITLE STATEMENT
Title The evolved mind and modern education :
Remainder of title status of evolutionary educational psychology /
Statement of responsibility, etc. David C. Geary
260 ## - PUBLICATION, DISTRIBUTION, ETC.
Place of publication, distribution, etc. United Kingdom :
Name of publisher, distributor, etc. Cambridge University Press,
Date of publication, distribution, etc. 2024.
300 ## - PHYSICAL DESCRIPTION
Extent 96p. :
Other physical details ill. ;
Dimensions 24 cm.
490 ## - SERIES STATEMENT
Series statement Cambridge elements
504 ## - BIBLIOGRAPHY, ETC. NOTE
Bibliography, etc. note Includes bibliographical and references
650 ## - SUBJECT ADDED ENTRY--TOPICAL TERM
Topical term or geographic name entry element Educational psychology
942 ## - ADDED ENTRY ELEMENTS (KOHA)
Source of classification or shelving scheme Dewey Decimal Classification
Koha item type Books
Suppress in OPAC No
Holdings
Withdrawn status Lost status Source of classification or shelving scheme Damaged status Not for loan Collection Home library Current library Shelving location Date acquired Source of acquisition Total checkouts Full call number Barcode Date last seen Copy number Price effective from Koha item type
    Dewey Decimal Classification     Non-fiction Jagannath University Central Library Jagannath University Central Library General stacks 12/02/2025 Purchased   370.15 GEE JNUCL36504 12/02/2025 1 12/02/2025 Books